Statistiques concernant Unités militaires disponibles dans Galaxy Life

Cliquez ici pour prendre le quiz!

Statistiques générales

  • Ce quiz a été pris 10 fois
    (9 depuis la dernière actualisation)
  • Le résultat moyen est 12 sur 16

Statistiques - réponses

LieuUnité% Correct
Colosse
100%
CampementMarine
100%
Bazooka
83%
SpatioportGuêpe
83%
Lance-flamme
83%
Pilleur
83%
Taupe
83%
Zeppelin
83%
Falcon
67%
Kamikaze
67%
Starlinator
67%
Char
50%
OVNI
50%
Raider
50%
Réparateur
50%
UsineS-Trike
50%

Distribution des résultats

Percentile par nombre de réponses

% des personnes avec chaque résultat

Votre développement - résultats

Vous n’avez pas pris ce quiz depuis la dernière actualisation